Vaticano / Fred Mayer... [et al.] ; Juan G. Basté, traducción

Guardat en:
Dades bibliogràfiques
Altres autors: I.Mayer, Fred (autor) (autor)
Format: Llibre
Matèries:
Etiquetes: Afegir etiqueta
Sense etiquetes, Sigues el primer a etiquetar aquest registre!

MARC

LEADER 00000nam^a2200000^u^4500
001 000548621
005 20250521000000.0
008 060220s1000^^^^^^^^^^^^r^^^^^000^0^spa^d
009 20260310131455.483
022 |a 8428704937 
035 |a FMI 000018369 
037 |a Acervo Xavier Clavigero 
096 |a 3.7/17/A 
245 0 0 |a Vaticano / Fred Mayer... [et al.] ; Juan G. Basté, traducción 
264 |a Madrid : Editorial Prensa Española 
300 |a 224 p. 
336 |a texto  |b txt  |2 rdacontenido 
337 |a sin mediación  |b n  |2 rdamedio 
338 |a volumen  |b nc  |2 rdasoporte 
649 |a XX 
650 |a 1.Vaticano (Ciudad) 
700 |a I.Mayer, Fred  |e (autor) 
910 |a Fondo Francisco Migoya Covarrubias S.J. 
920 |a Impresos - Libros 
930 |a Fondos Especiales 
905 |a 134 
901 |a SBC27100  |b IT2  |c ESP  |u 20250521 
902 |a https://opac.biblio.iteso.mx/vufind/Record/000548621